Biggest cities with 5 letters - Statistics

General Stats
  • This quiz has been taken 146 times
  • The average score is 12 of 15
Answer Stats
Country Population City % Correct
Japan 13 839 000 Tokyo
100%
Egypt 10 230 000 Cairo
98%
South Korea 10 197 000 Seoul
98%
Vietnam 6 884 000 Hanoi
96%
India 11 034 000 Delhi
94%
Nigeria 16 060 000 Lagos
94%
UAE 2 865 000 Dubai
93%
Afghanistan 3 414 000 Kabul
91%
Bangladesh 14 399 000 Dhaka
90%
Japan 2 691 000 Osaka
88%
South Korea 3 510 000 Busan
75%
Turkey 4 162 000 Izmir
73%
China 6 886 000 Wuhan
63%
India 4 468 000 Surat
41%
China 6 127 000 Zunyi
4%
No matching quizzes found
Score Distribution
Percent of People with Each Score
Percentile by Number Answered
Your Score History
You have not taken this quiz